Sports Quiz

Random Sports or NBA Quiz

Top NBA players 2017-2018 season Quiz Stats

 Plays Quiz not verified by Sporcle

Challenge
Share
Tweet
Embed
Score 0/50 Timer 08:00
0 Plays Today
Team Name % Correct
CavaliersLebron James
99.5%
WarriorsKevin Durant
98.5%
ThunderRussell Westbrook
97.9%
WarriorsStephen Curry
97.9%
RocketsJames Harden
97.5%
PelicansAnthony Davis
96.8%
SpursKawhi Leonard
96.3%
WizardsJohn Wall
96.3%
PacersPaul George
95.5%
PelicansDemarcus Cousins
95.3%
CavaliersKyrie Irving
94.7%
Bulls Jimmy Butler
94.3%
ClippersChris Paul
93.1%
CelticsIsaiah Thomas
92.7%
WarriorsKlay Thompson
92.4%
ClippersBlake Griffin
92.3%
WarriorsDraymond Green
92.2%
KnicksCarmelo Anthony
91.8%
TrailblazersDamian Lillard
91.7%
CavaliersKevin Love
91.4%
JazzGordon Hayward
89.2%
GrizzliesMarc Gasol
89.1%
RaptorsDemar Derozan
89.1%
RaptorsKyle Lowry
89%
ClippersDeAndre Jordan
87.4%
Team Name % Correct
HornetsKemba Walker
85.6%
GrizzliesMike Conley
85.5%
TimberwolvesAndrew Wiggins
85.3%
JazzRudy Gobert
84.8%
SpursLeMarcus Aldridge
84.4%
WizardsBradley Beal
84.4%
HeatHassan Whiteside
84.1%
SunsDevin Booker
83.8%
BullsDwyane Wade
83.5%
KnicksKristaps Porzingis
83.4%
CelticsAl Horford
83.1%
BucksGiannis Antetokounmpo
82.7%
TrailblazersCJ McCollum
82%
PistonsAndre Drummond
81.8%
SixersJoel Embiid
81.5%
Suns Eric Bledsoe
80.8%
NetsBrook Lopez
80.3%
HawksPaul Millsap
79.9%
NuggetsNikola Jokic
78.6%
TimberwolvesKarl Anthony-Towns
78.4%
HeatGoran Dragic
78.2%
HawksDwight Howard
73.9%
CelticsAvery Bradley
70.3%
MavericksHarrison Barnes
68.5%
HawksDennis Schroder
65.8%

You're not logged in!

Compare scores with friends on all Sporcle quizzes.
Join for Free
OR
Log In

You Might Also Like...

Show Comments

Extras

Top Quizzes Today


Score Distribution

Your Account Isn't Verified!

In order to create a playlist on Sporcle, you need to verify the email address you used during registration. Go to your Sporcle Settings to finish the process.

Report this User

Report this user for behavior that violates our Community Guidelines.

Details: